| 000 | 00598cam a22002172a 4500 | ||
|---|---|---|---|
| 001 | 025184 | ||
| 003 | AR-FADEU | ||
| 008 | 311216n1999####xxu####################dd | ||
| 020 | _a950-557-325-1 | ||
| 092 |
_a331.82 _bF368 _eJLS |
||
| 100 | _aFerraro, Ricardo A. | ||
| 245 | _aLa marcha de los locos : entre las nuevas tareas, los nuevos empleos y las nuevas empresas | ||
| 260 | _aMéxico | ||
| 260 | _bFondo de Cultura Económica | ||
| 260 | _c1999 | ||
| 300 | _a143 p | ||
| 440 |
_aPopular _n536 |
||
| 500 | _aIncluye bibliografía | ||
| 650 | _aEMPLEO-ARGENTINA/JLS/ | ||
| 942 | _cJLS | ||
| 999 |
_c30870 _d30870 |
||